000 01720nam a2200241Ia 4500
008 260220t1970||||xx |||||||||||||| ||spa||
040 _aPY-SlUNAC
_bspa
_erda
041 _aspa
082 _a537
_bC735e
245 0 _aElectricidad y estructura atómica
250 _aSegunda edición
264 _aMedellín :
_bBedaut,
_c℗1970.
300 _a1 volumen
520 _a"Electricidad y estructura atómica" de Bedaut, publicado en 1970, explora la interrelación entre los principios de la electricidad y la composición atómica de la materia. El autor inicia su análisis presentando los conceptos fundamentales de la electricidad, tales como la carga, la corriente y el voltaje, para luego conectar estos principios con la estructura de los átomos. A través de una narrativa clara y accesible, Bedaut ilustra cómo la electricidad está intrínsecamente ligada a la interacción de partículas subatómicas, como electrones y protones, y cómo estas interacciones afectan las propiedades físicas y químicas de los elementos. Además, el libro destaca la importancia de la electricidad en diversas aplicaciones tecnológicas y científicas, subrayando su papel crucial en el desarrollo de la física moderna. A lo largo de los capítulos, se incluyen ejemplos prácticos y experimentos que permiten al lector una comprensión más profunda de los temas tratados, convirtiendo la obra en un recurso valioso para estudiantes y entusiastas de la ciencia.
653 _aElectricidad
653 _aEstructura atómica
653 _aFísica
942 _b2026/02/17
_cBK
999 _c7782
_d7782